Secteurs du circuit des 24h mort subite - Statistiques

Statistiques générales
  • Ce quiz a été pris 568 fois
  • Le résultat moyen est 5 sur 15
Answers on the Grid
Answers color-coded by a green-red scale on the quiz's grid according to % correct below.
Courbe Dunlop
Courbe PlayStation
Chicane Dunlop
Esses de la forêt
Virage du Tertre rouge
Virage de Mulsanne
Virage de Monaco
Virage d'Indianapolis
Courbe d'arnage
Virage d'arnage
Avant virage Porsche
Courbe Porsche
Virage Porsche
Virage du pont
Virage Motul
Virage du raccordement
Virage du raccordement Motul
Courbe du Pont
Virage du karting
Courbe du karting
Courbe Ford
Virage Ford
Pit lane
Ligne droite des hunaudières
 
Statistiques - réponses
Réponse % Correct
Courbe Dunlop
76%
Chicane Dunlop
60%
Virage du Tertre rouge
60%
Virage d'Indianapolis
58%
Virage de Mulsanne
53%
Esses de la forêt
49%
Virage Porsche
37%
Virage d'arnage
33%
Ligne droite des hunaudières
27%
Pit lane
19%
Virage Ford
15%
Virage du karting
14%
Virage du raccordement Motul
10%
Virage du pont
8%
Avant virage Porsche
6%
Aucun quiz correspondant
Distribution des résultats
% des personnes avec chaque résultat
Percentile par nombre de réponses
Votre historique - résultats
Vous n’avez pas pris ce quiz